000 00712cam a2200253 a 4500
999 _c3706
_d3706
001 3167958
003 OCoLC
005 20181121105513.0
008 770705s1977 mou b 000 0 eng
010 _a77023742 //r962
020 _a057007679X :
040 _aDLC
_cDLC
_dBSC
082 _a289.92
_bK39H
092 _a230.99
_bK39h
100 1 _aKern, Herbert,
_d1917-
245 1 0 _aHow to respond to ... the Jehovah's Witnesses /
_cHerbert Kern.
246 3 0 _aJehovah's Witnesses.
260 _aSt. Louis :
_bConcordia Pub. House,
_cc1977.
300 _a38 p. ;
_c23 cm.
490 0 _aThe Response series
504 _aBibliography: p. 38.
650 0 _aJehovah's Witnesses
_xDoctrines.
942 _2ddc
_cBK